LEADER 00960nam a2200229 i 4500 001 000000161188 003 CaOOAMICUS 005 20070504000000.0 008 070504s1938 it u000 u ita u 013 $a138551 040 $aSeMil$bita 100 1 $aGratry, Alphonse,$d<1805-1872>.$0(OLS)http://semarc/name/7336 245 13$aLa sete e la sorgente /$cGratry ; A cura di M. Barbano. 260 $aTorino :$bSocietą Editrice Internazionale,$cstampa 1938. 300 $aXLVIII, 598 p. ;$c15 cm. 650 4$aCristianesimo - Meditazioni.$0(OLS)http://semarc/subject/1977 700 1 $aBarbano, Maria.$0(OLS)http://semarc/name/42515 850 $aSeMil 852 $aSeMil$W1$xVenegono$y1$m3F I 494$j112621$B112621$CSeMilBibl$Z2$F124666 $81 961 $aLascito: Chierichetti mons. Giovanni 996 $6245$aLa sete e la sorgente$9(OLS)http://semarc/title/144161 996 $6260$aTorino :$bSocietą Editrice Internazionale$9(OLS)http://semarc/publisher/29847 LEADER 01018nam a2200265 i 4500 001 000000073915 003 CaOOAMICUS 005 20260304142102.0 008 080311s1978 it u000 u ita u 013 $a45087 040 $aSeMil$bita 100 1 $aPapini, Giovanni,$d<1881-1956>.$0(OLS)http://semarc/name/1547 245 10$aStroncature /$cGiovanni Papini ; «Invito alla lettura» di Luciano De Maria. 264 1$aFirenze :$bVallecchi,$c1978. 300 $aXVI, 292 p. ;$c23 cm. 490 1 $aBiblioteca Vallecchi 700 1 $aDe Maria, Luciano,$d<1928-1993>.$0(OLS)http://semarc/name/36666 830 0$aBiblioteca Vallecchi.$0(OLS)http://semarc/title/22222 850 $aSeMil 852 $aSeMil$W1$xVenegono$y1$m1B III 141$j231704$B40067$CSeMilBibl$Z2$F40071 $81 941 1 $a1 961 $aOmaggio: Ciprandi dott. Paolo 996 $6245$aStroncature$9(OLS)http://semarc/title/119910 996 $6264$aFirenze :$bVallecchi$9(OLS)http://semarc/publisher/29768